Normal view
MARC view
Entry Personal Name
001 - CONTROL NUMBER
- control field: 12115
003 - CONTROL NUMBER IDENTIFIER
- control field: BD-DhEWU
005 - DATE AND TIME OF LATEST TRANSACTION
- control field: 20140616122547.0
008 - FIXED-LENGTH DATA ELEMENTS
- fixed length control field: 140616|| aca||aabn | a|a d
040 ## - CATALOGING SOURCE
- Original cataloging agency: BD-DhEWU
- Transcribing agency: BD-DhEWU
100 ## - HEADING--PERSONAL NAME
- Personal name: Lall, Ramji
670 ## - SOURCE DATA FOUND
- Source citation: Work cat.: (BD-DhEWU)3195: Lall, Ramji , Ben Jonson s Volpone :, 2000.